000 00471nab a2200145Ia 4500
003 ES-SlBCS
005 20210601124452.0
008 140529s2003 xxu||||| |||| 00| 0 eng d
041 _aeng
100 1 _aBailin, Sharon
_9139766
245 0 0 _aIs Argument for Conservatives? or, Where Do Sparkling New Ideas Come From?
_c Sharon Bailin
650 0 4 _aArgumentación-Filosofía
_9142772
773 0 _tInformal Logic
_gvol. 23, nº. 1, 2003, págs. 3-18
_wRev1403
942 _cAR
999 _c515310
_d515310